000 00669cam a22002533a 4500
001 23952
003 PGUSA
005 20140828083518.0
008 071221s2007||||xxu|||||s|||||000 1 eng d
040 _aPGUSA
_beng
042 _adc
050 4 _aPR
100 1 _aMarryat, Frederick,
_d1792-1848
245 1 0 _aValerie
_h[electronic resource] /
_cFrederick Marryat
260 _bProject Gutenberg,
_c2007
506 _aPublic domain in the USA.
516 _aElectronic text
653 _aFiction
700 1 _aDowning, D.
700 1 _aWright-Nooth, W.
830 0 _aProject Gutenberg
_v23952
856 4 0 _uhttp://www.gutenberg.org/ebooks/23952
942 _cEB
999 _c253207
_d253207